| 000 | 01179 a2200217 4500 | ||
|---|---|---|---|
| 003 | Nust | ||
| 005 | 20221119135941.0 | ||
| 010 | _a 2002281840 | ||
| 020 | _a0763714976 | ||
| 040 | _cNust | ||
| 082 | 0 | 0 | _a515,STR |
| 100 | 1 |
_aStrichartz, Robert S. _939189 |
|
| 245 | 1 | 4 |
_aThe way of analysis / _cRobert S. Strichartz. |
| 250 | _aRev. ed. | ||
| 260 |
_aBoston : _bJones and Bartlett Publishers, _cc2000. |
||
| 300 |
_axix, 739 p. : _bill. ; _c24 cm. |
||
| 440 | 0 |
_aJones and Bartlett books in mathematics _9103144 |
|
| 505 | _aSequPreliminaries (Page-1), Constructions of the Real Number Systems (Page-25), Topology of the Real Line (Page-73), Continuous Functions (Page-111), Differential Calculus (Page-143), Integral Calculus (Page-201), ences and Series of Function (Page-241), Transcendental Function (Page-323), Euclidean Space and Metric Space (Page-335), Differential Calculus in Equation Space (Page-419), Ordinary Differential Equations (Page-459), Fourier Series (Page-515), Implicit Functions Curves and Surfaces (Page-567), The Lebesgue Intgral (Page-623), Multiple Integrals (Page-691). | ||
| 650 | 0 | _aMathematical analysis. | |
| 942 |
_cREF _2ddc _k515,STR |
||
| 999 |
_c175341 _d175341 |
||